000 01276nam a22002897a 4500
005 2010091802302.0
008 100915t xxu||||| |||| 00| 0 hin d
010 _aHIN-91940
020 _c450.00
_a9788180481406
035 _aHN-64286
037 _bDBAD / PUB
040 _aDPL
_bHN
082 _a823.08
100 _920178
_aगोराई, काकोली
245 _aहिन्दी उपन्यासों में नारी संघर्षः
_cकाकोली गोराई
_bदसवें दशक का सर्वेक्षण और स्वरूप /
246 _aHindi Upnaysao mein Nari Sanghrsh
_bby Kakoli Gorai
260 _aचण्डीगढ़
_bअरूण पब्लिशिंग हाऊस
_c2009
270 _a49-51, सैक्टर-17सी
_bचण्डीगढ़
_e160017
300 _a224पृ.
_c22सेमी (सजिल्द)
650 _91159
650 _926117
700 _920179
700 _920333
700 _920540
942 _2ddc
_cHN
_mगोराई
_h823.08
999 _c50722
_d50722